01119nam a2200193Ia 4500001001100000003001000011008004100021040002500062041001300087100002400100245004000124250001100164260006600175300002700241500026000268501011400528520026000642650002300902L250-16547IT-CnALBA170116s9999||||xx |||||||||||||| ||und|| aIT-CnALBAcIT-CnALBA aITALIANO aSPADAFORA FRANCESCO 0aPENTECOSTALI E TESTIMONI DI GEOVA.  a4a ed. a ROVIGObISTITUTO PADANO ARTI GRAFICHE c1975 [1° Ed.: n.d.] a315 p. (prefazione: 9) aDECRETO SULL'ECUMENISMO. MAGISTERO ED ESEGESI. PENTECOSTALI. ORIGINI DELLA SETTA. CULTO. POSIZIONE GIURIDICA. TESTI. BATTESIMO. SPIRITO. POTERE DEI MIRACOLI. PROPAGANDA. PRIMATO DEL PAPA. GERARCHIA. CONFESSIONE. EUCARISTIA. BATTESIMO DEI BAMBINI. CULTO AL aSocietà San Paolo EM - Piazza San Paolo, 14 - 12051 ALBA (CN) (non commercial uses only) ® Copyright 2017 aDECRETO SULL'ECUMENISMO. MAGISTERO ED ESEGESI. PENTECOSTALI. ORIGINI DELLA SETTA. CULTO. POSIZIONE GIURIDICA. TESTI. BATTESIMO. SPIRITO. POTERE DEI MIRACOLI. PROPAGANDA. PRIMATO DEL PAPA. GERARCHIA. CONFESSIONE. EUCARISTIA. BATTESIMO DEI BAMBINI. CULTO AL aTEOLOGIA PASTORALE